Ruido en Cuenca 2019-2021 /
Wedi'i Gadw mewn:
| Prif Awdur: | |
|---|---|
| Fformat: | Electronig eLyfr |
| Iaith: | Sbaeneg |
| Cyhoeddwyd: |
Cuenca, Ecuador :
Universidad del Azuay : Gobierno Autónomo Descentralizado del Cantón Cuenca,
[2023]
|
| Pynciau: | |
| Mynediad Ar-lein: | Digitalia Hispánica |
| Tagiau: |
Ychwanegu Tag
Dim Tagiau, Byddwch y cyntaf i dagio'r cofnod hwn!
|
MARC
| LEADER | 00000nam a2200000 i 4500 | ||
|---|---|---|---|
| 001 | DIGUAZUAY0135 | ||
| 003 | NyNyDIG | ||
| 007 | cr ||||||||||| | ||
| 008 | 260115s2023 ec ab ob 000 0 spa d | ||
| 006 | m o d | ||
| 035 | |a (OCoLC)1569883581 | ||
| 040 | |a DGITA |b eng |e rda |e pn |c DGITA | ||
| 020 | |a 9789942847744 |q eBook | ||
| 020 | |z 9789942847256 | ||
| 043 | |a s-ec--- | ||
| 050 | 1 | 4 | |a TD893.5.E5 ebook |
| 245 | 0 | 0 | |a Ruido en Cuenca 2019-2021 / |c Omar Delgado Inga [and 6 others]. |
| 246 | 1 | 4 | |a Ruido 2019-2021 : |b Cuenca-Ecuador |
| 264 | 1 | |a Cuenca, Ecuador : |b Universidad del Azuay : |b Gobierno Autónomo Descentralizado del Cantón Cuenca, |c [2023] | |
| 300 | |a 1 online resource : |b illustrations, maps. | ||
| 336 | |a text |b txt |2 rdacontent | ||
| 337 | |a computer |b c |2 rdamedia | ||
| 338 | |a online resource |b cr |2 rdacarrier | ||
| 347 | |a text file |2 rdaft | ||
| 347 | |b PDF | ||
| 504 | |a Includes bibliographical references. | ||
| 588 | 0 | |a Online resource; title from PDF title page (Digitalia, viewed January 15, 2026) | |
| 650 | 0 | |a Noise pollution |z Ecuador |z Cuenca |x Measurement. | |
| 650 | 0 | |a Noise control |z Ecuador |z Cuenca. | |
| 700 | 1 | |a Delgado Inga, Omar, |e author. | |
| 791 | 2 | |a Digitalia (Firm), |e distributor. | |
| 793 | 0 | |g Digitalia eBook Collection: |a Universidad del Azuay | |
| 776 | 0 | 8 | |i Print version: |t Ruido en Cuenca 2019-2021. |d Cuenca, Ecuador : Universidad del Azuay : Gobierno Autónomo Descentralizado del Cantón Cuenca, [2023] |z 9789942847256 |
| 856 | 4 | 0 | |3 Digitalia Hispánica |u https://digitalia.unach.elogim.com/a/133520/ |
| 910 | |a Premium collection: 2026 | ||